| 000 | 02029cam a2200181 4500500 | ||
|---|---|---|---|
| 005 | 20251228095007.0 | ||
| 041 | _afre | ||
| 042 | _adc | ||
| 100 | 1 | 0 |
_aLe Moing, Monique _eauthor |
| 245 | 0 | 0 | _aMarcel Cohen, Sur la scène intérieure. Faits, Paris, Gallimard, coll. « L’un et l’autre », 2013, 139 pages |
| 260 | _c2014. | ||
| 500 | _a23 | ||
| 520 | _aLa sculpture dans l’espace public est l’objet de nombreux scandales, particulièrement aux xixe et xxe siècles. Pourquoi et en quoi suscite-t-elle tant la controverse ? Sous des motivations politiques, religieuses ou esthétiques, la représentation est au cœur du débat. Le scandale, subi par l’artiste au xixe siècle, se voit réemployé par lui-même au cours du xxe siècle, faisant ainsi évoluer la nature même du scandale dans l’histoire de l’art. | ||
| 520 | _aSculpture in public space has been the subject of many scandals, especially in the 19th and 20th centuries. Why and how does it create so much controversy? Whether for political, religious or aesthetic motivations, the concept of representation is at the heart of the debate. The scandal, of which the 19th century artist was a victim, saw itself recycled repeatedly over the course of the 20th century, thus allowing the very nature of scandal to evolve in the history of public sculpture. | ||
| 520 | _aEssencialmente nos séculos xix e xx, a escultura em espaços públicos foi objecto de múltiplos escândalos. Por que razão terá suscitado tamanha con-trovérsia ? Por detrás das motivações de ordem política, religiosa ou estética, é, na verdade, a problemática da representação que está no centro deste debate. Sofrido pelo artista do século xix, o escândalo é por si reivindicado no século seguinte, fazendo assim evoluir a própria natureza do escândalo na história da arte. | ||
| 786 | 0 | _nSigila | 33 | 1 | 2014-03-03 | p. 155b-157b | 1286-1715 | |
| 856 | 4 | 1 | _uhttps://shs.cairn.info/revue-sigila-2014-1-page-155b?lang=fr&redirect-ssocas=7080 |
| 999 |
_c1605259 _d1605259 |
||